Countries Least Similar To Japan - Statistics

General Stats
  • This quiz has been taken 41 times
  • The average score is 12 of 20
Answer Stats
Rank Country Score % Correct
3 Niger 33.2
94%
1 Somalia 32.8
83%
6 Sudan 34.1
80%
17 Democratic Republic of the Congo 36.2
77%
4 South Sudan 33.3
77%
2 Chad 33.0
74%
9 Central African Republic 34.9
69%
7 Mali 34.4
69%
19 Ethiopia 36.4
66%
11 Mauritania 35.1
60%
5 Eritrea 33.7
54%
14 Uganda 35.4
49%
7 Yemen 34.4
49%
10 Burundi 35.0
43%
20 Rwanda 36.5
43%
11 Togo 35.1
43%
13 Burkina Faso 35.2
37%
16 Benin 36.1
34%
17 Sierra Leone 36.2
31%
15 Guinea-Bissau 35.9
26%
No matching quizzes found
Score Distribution
Percent of People with Each Score
Percentile by Number Answered
Your Score History
You have not taken this quiz